[Event "Muensterland Verbandsklasse-A 0203"]
[Site "Muensterland"]
[Date "2002.12.14"]
[Round "4.4"]
[White "Junker, Axel"]
[Black "Veensma, Torsten"]
[Result "1-0"]
[WhiteElo "1719"]
[BlackElo "1726"]
[PlyCount "81"]
[EventDate "2002.09.28"]
[EventType "team"]
[EventRounds "9"]
[EventCountry "GER"]
[SourceTitle "EXT 2004"]
[Source "ChessBase"]
[SourceDate "2003.11.25"]
[SourceVersion "1"]
[SourceVersionDate "2003.11.25"]
[SourceQuality "1"]
[WhiteTeam "Sendenhorst"]
[BlackTeam "Muenster SK V"]
[WhiteTeamCountry "GER"]
[BlackTeamCountry "GER"]

1. c4 Nf6 2. Nc3 g6 3. Nf3 Bg7 4. g3 d6 5. Bg2 c6 6. 0-0 e5 7. d3 0-0 8. Rb1 Be6 9. Ng5 Nbd7 10. b4 h6 11. Nxe6 fxe6 12. Ba3 d5 13. b5 Rf7 14. bxc6 bxc6 15. Qa4 Qc7 16. Rfc1 Nb6 17. Qa6 Rd8 18. c5 Nc8 19. Rb3 Qd7 20. Rcb1 Qe8 21. Rb8 Ng4 22. f3 Ne3 23. Bb4 Ne7 24. Rxd8 Qxd8 25. Qxa7 N7f5 26. Qa6 Qg5 27. Nd1 Nxg2 28. Kxg2 Nh4+ 29. Kh3 Qf5+ 30. g4 Qxf3+ 31. exf3 Rxf3+ 32. Kxh4 Bf6+ 33. g5 Bxg5+ 34. Kg4 e4 35. dxe4 dxe4 36. Bc3 Bd8 37. Bf6 Bxf6 38. Qc8+ Kf7 39. Rb7+ Be7 40. Rxe7+ Kxe7 41. Qxc6 1-0